[Event "PNWCC-Moscow Hybrid"]
[Site "Chess.com INT"]
[Date "2021.06.06"]
[Round "4"]
[White "He, Anthony B"]
[Black "Ivanov, Victor L"]
[Result "1/2-1/2"]
[WhiteElo "2347"]
[BlackElo "2482"]
[PlyCount "126"]
[EventDate "2021.06.05"]
[EventType "team-match"]
[EventRounds "4"]
[EventCountry "USA"]
[SourceTitle "CBM 202 Extra"]
[Source "ChessBase"]
[SourceDate "2021.07.31"]
[SourceVersion "1"]
[SourceVersionDate "2021.07.31"]
[SourceQuality "1"]
[WhiteTeam "PNWCC"]
[BlackTeam "Moscow"]
[WhiteTeamCountry "USA"]
[BlackTeamCountry "RUS"]

1. e4 c5 2. Nf3 e6 3. d4 cxd4 4. Nxd4 a6 5. c4 Nf6 6. Nc3 Qc7 7. Be2 b6 8. Be3 Bb7 9. f3 Be7 10. 0-0 d6 11. Qd2 Nbd7 12. a4 Rb8 13. Rfc1 0-0 14. Nd1 Rfc8 15. a5 bxa5 16. Rxa5 Qd8 17. b4 Qf8 18. Ra4 Ne5 19. Nf2 h5 20. Nb3 h4 21. Na5 Bc6 22. Nxc6 Rxc6 23. Raa1 Bd8 24. c5 dxc5 25. Rxc5 Rxc5 26. bxc5 a5 27. Bf4 Bc7 28. Qc3 Nfd7 29. c6 Qc5 30. Rc1 Qxc3 31. Rxc3 Nf8 32. Be3 Rb1+ 33. Bd1 Nfg6 34. f4 Ng4 35. Nxg4 Rxd1+ 36. Kf2 Rd8 37. Kf3 Ra8 38. Rd3 f5 39. exf5 exf5 40. Nf2 Ra6 41. Rd7 Rxc6 42. Bd4 Bxf4 43. Rxg7+ Kf8 44. Ra7 Bc7 45. Nd3 Ke8 46. Ra8+ Kf7 47. Rc8 Ke6 48. Rg8 Kd5 49. Bg1 Ne5+ 50. Nxe5 Bxe5 51. Rd8+ Bd6 52. Ra8 Rc3+ 53. Ke2 Ra3 54. Bf2 Ke4 55. Re8+ Kd5 56. Bxh4 Bxh2 57. Rd8+ Ke4 58. Re8+ Kf4 59. Bd8 Ra2+ 60. Kf1 Ra1+ 61. Ke2 Ra2+ 62. Kf1 Ra1+ 63. Ke2 Ra2+ 1/2-1/2

[Event "Moscow Aeroflot op-B"]
[Site "Moscow"]
[Date "2020.02.27"]
[Round "9"]
[White "Ivanov, Victor L"]
[Black "Gomes, Mary Ann"]
[Result "1-0"]
[WhiteElo "2488"]
[BlackElo "2344"]
[PlyCount "119"]
[EventDate "2020.02.19"]
[EventType "swiss"]
[EventRounds "9"]
[EventCountry "RUS"]
[SourceTitle "CBM 195 Extra"]
[Source "ChessBase"]
[SourceDate "2020.05.31"]
[SourceVersion "1"]
[SourceVersionDate "2020.05.31"]
[SourceQuality "1"]

1. e4 c5 2. Nf3 e6 3. d4 cxd4 4. Nxd4 a6 5. Nc3 b5 6. Bd3 Qb6 7. Nf3 Qc7 8. 0-0 Bb7 9. Re1 Be7 10. Bd2 d6 11. a4 b4 12. Na2 a5 13. c3 bxc3 14. Nxc3 Nc6 15. Nb5 Qd8 16. Nbd4 Nxd4 17. Nxd4 Nf6 18. Bb5+ Nd7 19. Qg4 Kf8 20. Rac1 Nc5 21. b4 axb4 22. Bxb4 Nxa4 23. Bc4 Nc5 24. Bxc5 dxc5 25. Nxe6+ fxe6 26. Qxe6 Qe8 27. Qf5+ Bf6 28. e5 Qg6 29. Qxg6 hxg6 30. exf6 gxf6 31. Re6 Rh4 32. Rxf6+ Kg7 33. Rf7+ Kh8 34. f3 Rh7 35. Rxb7 Rxb7 36. Bd5 Rab8 37. Bxb7 Rxb7 38. Rxc5 Kg7 39. h4 Kh6 40. Kh2 Rb4 41. g4 Rb7 42. Kg3 Ra7 43. Rc6 Kh7 44. g5 Ra4 45. Rc7+ Kg8 46. Re7 Rb4 47. Re4 Rb1 48. Kf4 Rb5 49. Kg4 Rb1 50. h5 Rg1+ 51. Kf4 gxh5 52. Kf5 Kf7 53. Ra4 Rg3 54. Ra7+ Kf8 55. f4 h4 56. Kf6 Re3 57. g6 Re8 58. Rh7 Kg8 59. Rxh4 Ra8 60. f5 1-0

[Event "Moscow Aeroflot op-B"]
[Site "Moscow"]
[Date "2020.02.24"]
[Round "6"]
[White "Ivanov, Victor L"]
[Black "Pujari, Rucha"]
[Result "1/2-1/2"]
[WhiteElo "2488"]
[BlackElo "2189"]
[PlyCount "109"]
[EventDate "2020.02.19"]
[EventType "swiss"]
[EventRounds "9"]
[EventCountry "RUS"]
[SourceTitle "CBM 195"]
[Source "ChessBase"]
[SourceDate "2020.04.30"]
[SourceVersion "1"]
[SourceVersionDate "2020.04.30"]
[SourceQuality "1"]

1. e4 e5 2. Bc4 Nc6 3. Nf3 Nf6 4. d3 Be7 5. 0-0 0-0 6. Re1 d6 7. a4 h6 8. a5 a6 9. h3 Nh7 10. Nc3 Kh8 11. Nd5 f5 12. exf5 Bxf5 13. d4 e4 14. Nd2 Bh4 15. Nxe4 Bxe4 16. Rxe4 Bxf2+ 17. Kh1 Nf6 18. Nxf6 Qxf6 19. c3 Rae8 20. Rxe8 Rxe8 21. Bd2 Qf5 22. Qf1 Rf8 23. Bd3 Qf7 24. Bc2 Ne7 25. Qe2 Bh4 26. Qg4 Qf2 27. Rd1 Bg3 28. Bd3 d5 29. Qe2 Qxe2 30. Bxe2 Nf5 31. Kg1 Nd6 32. Bf3 c6 33. b3 Ne4 34. Bxe4 dxe4 35. Be1 Bc7 36. b4 Kg8 37. Bf2 Kf7 38. c4 Bd6 39. Rb1 Ke6 40. Rb3 Kd7 41. Bg3 Be7 42. Be5 g5 43. g4 e3 44. Rxe3 Bxb4 45. c5 Bxa5 46. Bg7 Rg8 47. Bxh6 Bd8 48. Rb3 Bf6 49. Rxb7+ Ke6 50. Ra7 Bxd4+ 51. Kg2 Bxc5 52. Rxa6 Kd5 53. Ra5 Kc4 54. h4 gxh4 55. Kh3 1/2-1/2

[Event "Moscow Aeroflot op-B"]
[Site "Moscow"]
[Date "2020.02.20"]
[Round "2"]
[White "Tsvetkov, Andrey1111"]
[Black "Ivanov, Victor L"]
[Result "1-0"]
[WhiteElo "2350"]
[BlackElo "2488"]
[PlyCount "103"]
[EventDate "2020.02.19"]
[EventType "swiss"]
[EventRounds "9"]
[EventCountry "RUS"]
[SourceTitle "CBM 195"]
[Source "ChessBase"]
[SourceDate "2020.04.30"]
[SourceVersion "1"]
[SourceVersionDate "2020.04.30"]
[SourceQuality "1"]

1. d4 d5 2. c4 c6 3. Nf3 Nf6 4. g3 dxc4 5. Bg2 b5 6. a4 Bb7 7. b3 cxb3 8. Qxb3 a6 9. Ba3 e6 10. Bxf8 Kxf8 11. 0-0 Nbd7 12. Nbd2 g6 13. e4 Kg7 14. e5 Nd5 15. Ne4 c5 16. dxc5 Qe7 17. axb5 Nxc5 18. Nxc5 Qxc5 19. bxa6 Bxa6 20. Rfc1 Qb4 21. Qxb4 Nxb4 22. Ng5 Ra7 23. Ra4 Nd3 24. Rca1 Nc5 25. Ra5 Rc8 26. h4 Rd7 27. Rxa6 Nxa6 28. Rxa6 Rc1+ 29. Kh2 Rc2 30. Ne4 Rd5 31. Ra7 Rxe5 32. Kh3 Re2 33. f3 Kg8 34. Ng5 Rf5 35. g4 Rf4 36. Kg3 e5 37. Ne4 Re3 38. Ra8+ Kg7 39. Nd6 h6 40. Ne8+ Kh7 41. g5 hxg5 42. hxg5 Rd3 43. Nf6+ Rxf6 44. gxf6 Rd6 45. Re8 Rxf6 46. Rxe5 Kg7 47. Rc5 Ra6 48. Rc7 g5 49. Bf1 Rf6 50. Bd3 Rd6 51. Be4 Kf6 52. Rc5 1-0

[Event "Anapa op"]
[Site "Anapa"]
[Date "2009.09.02"]
[Round "3"]
[White "Shorokhov, Mikhail"]
[Black "Ivanov, Victor L"]
[Result "1-0"]
[WhiteElo "2107"]
[BlackElo "2494"]
[PlyCount "89"]
[EventDate "2009.08.31"]
[EventType "swiss"]
[EventRounds "9"]
[EventCountry "RUS"]
[SourceTitle "CBM 132 Extra"]
[Source "ChessBase"]
[SourceDate "2009.11.03"]
[SourceVersion "1"]
[SourceVersionDate "2009.11.03"]
[SourceQuality "1"]

1. b4 e5 2. Bb2 Bxb4 3. Bxe5 Nf6 4. c4 0-0 5. e3 d5 6. cxd5 Nxd5 7. Nf3 Re8 8. Bb2 Nc6 9. Be2 Bg4 10. 0-0 Qd7 11. a3 Ba5 12. d4 Rad8 13. Nbd2 Nc3 14. Bxc3 Bxc3 15. Rb1 Qc8 16. Qc2 Bxd4 17. Bd3 Bb6 18. Bxh7+ Kh8 19. Be4 Ne5 20. Nxe5 Rxe5 21. Nc4 Rc5 22. Qa4 Be6 23. Nxb6 cxb6 24. Qxa7 Bd5 25. Bxd5 Rdxd5 26. Qxb6 Rg5 27. Qxb7 Qh3 28. Rfd1 Rcf5 29. Qe4 g6 30. Rb8+ Kg7 31. f4 Rxg2+ 32. Qxg2 Qxe3+ 33. Qf2 Qe6 34. Re1 Qd7 35. Rb4 Rd5 36. Rbe4 Rd2 37. R4e2 Rd3 38. f5 gxf5 39. Re3 Rd4 40. Rg3+ Kf6 41. Qe3 Re4 42. Qg5+ Ke6 43. Rxe4+ fxe4 44. Qg4+ f5 45. Qg8+ 1-0

[Event "Moscow op-A"]
[Site "Moscow"]
[Date "2009.02.04"]
[Round "5"]
[White "Morozov, Grigory"]
[Black "Ivanov, Victor L"]
[Result "0-1"]
[WhiteElo "2510"]
[BlackElo "2499"]
[PlyCount "110"]
[EventDate "2009.01.31"]
[EventType "swiss"]
[EventRounds "9"]
[EventCountry "RUS"]
[SourceTitle "EXT 2022"]
[Source "ChessBase"]
[SourceDate "2021.10.06"]
[SourceVersion "1"]
[SourceVersionDate "2021.10.06"]
[SourceQuality "1"]

1. d4 d5 2. Nf3 Nf6 3. c4 c6 4. Qc2 dxc4 5. Qxc4 Bg4 6. Nc3 Nbd7 7. e4 Bxf3 8. gxf3 e5 9. Be3 exd4 10. Bxd4 Bd6 11. 0-0-0 Qc7 12. Kb1 0-0 13. h4 b5 14. Qe2 Be5 15. Qc2 Rad8 16. Bh3 Nb6 17. Ne2 Nc4 18. Qc1 c5 19. Bxe5 Qxe5 20. Nc3 Rxd1 21. Rxd1 Qh2 22. Bf1 Qxf2 23. Bxc4 bxc4 24. Qf4 Nh5 25. Qc7 Qxf3 26. Qxc5 Qg4 27. Qxa7 Qxh4 28. Qc7 Ng3 29. Qxc4 Qf4 30. a4 h5 31. a5 h4 32. a6 Qe3 33. Nd5 Qf3 34. Qd3 Qf2 35. Rd2 Qg1+ 36. Rd1 Qa7 37. e5 Ra8 38. Qc4 Nf5 39. Qg4 g6 40. e6 Qxa6 41. exf7+ Kg7 42. Qf3 Qa2+ 43. Kc2 Rc8+ 44. Nc3 Qa4+ 45. Kc1 Qc6 46. Qd3 Re8 47. Rf1 Kxf7 48. Rg1 Qc5 49. Qd1 Re3 50. Kb1 Nd4 51. Rf1+ Nf5 52. Rg1 Ng3 53. Qd7+ Re7 54. Qd1 Qf2 55. Nd5 Re2 0-1

[Event "Moscow op-A"]
[Site "Moscow"]
[Date "2009.02.02"]
[Round "3"]
[White "Potapov, Alexey"]
[Black "Ivanov, Victor L"]
[Result "1-0"]
[WhiteElo "2316"]
[BlackElo "2499"]
[PlyCount "43"]
[EventDate "2009.01.31"]
[EventType "swiss"]
[EventRounds "9"]
[EventCountry "RUS"]
[SourceTitle "EXT 2022"]
[Source "ChessBase"]
[SourceDate "2021.10.06"]
[SourceVersion "1"]
[SourceVersionDate "2021.10.06"]
[SourceQuality "1"]

1. c4 c6 2. Nf3 Nf6 3. g3 d5 4. b3 Qb6 5. Bg2 e5 6. e3 e4 7. Nd4 Bc5 8. Ne2 dxc4 9. bxc4 Qa6 10. Bb2 Qxc4 11. Bxf6 gxf6 12. Nbc3 f5 13. Rc1 Qb4 14. 0-0 Nd7 15. f3 exf3 16. Rxf3 Nf6 17. Na4 Bd6 18. Nd4 Ne4 19. Nc3 Be5 20. Nxe4 fxe4 21. Rxf7 Be6 22. Qh5 1-0

[Event "St Petersburg June op"]
[Site "St Petersburg"]
[Date "2008.06.23"]
[Round "3"]
[White "Ivanov, Victor L"]
[Black "Orlov, Oleg"]
[Result "0-1"]
[WhiteElo "2499"]
[BlackElo "2285"]
[PlyCount "146"]
[EventDate "2008.06.21"]
[EventType "swiss"]
[EventRounds "9"]
[EventCountry "RUS"]
[SourceTitle "CBM 125 Extra"]
[Source "ChessBase"]
[SourceDate "2008.09.01"]
[SourceVersion "1"]
[SourceVersionDate "2008.09.01"]
[SourceQuality "1"]

1. c4 c6 2. Nf3 d5 3. e3 Nf6 4. d4 e6 5. Nc3 Nbd7 6. cxd5 exd5 7. Bd3 Be7 8. 0-0 0-0 9. Qc2 Re8 10. Rb1 a5 11. Bd2 Bd6 12. e4 dxe4 13. Nxe4 Nxe4 14. Bxe4 Nf6 15. Bf5 Bxf5 16. Qxf5 Qd7 17. Qxd7 Nxd7 18. Rfe1 Rxe1+ 19. Rxe1 f6 20. Kf1 Kf7 21. Re2 Nb6 22. Ke1 Nc4 23. Bc1 g5 24. h3 h5 25. b3 Bb4+ 26. Kd1 Na3 27. Bxa3 Bxa3 28. Kc2 Rd8 29. Re4 c5 30. dxc5 Bxc5 31. Re2 b5 32. Ne1 Rc8 33. Kd3 Bb4 34. Nc2 Rd8+ 35. Ke4 Bc5 36. g4 Re8+ 37. Kd3 Rd8+ 38. Ke4 Re8+ 39. Kd3 Rxe2 40. Kxe2 h4 41. f4 Ke6 42. Kf3 Kd5 43. f5 Ke5 44. a4 bxa4 45. bxa4 Kd5 46. Ne3+ Kd4 47. Ke2 Bd6 48. Kf3 Bf4 49. Ng2 Bc1 50. Ne1 Bb2 51. Ke2 Kc4 52. Nd3 Bd4 53. Ne1 Kb3 54. Kd3 Be5 55. Nc2 Bb2 56. Ne3 Kxa4 57. Kc4 Ba1 58. Nd5 Be5 59. Nb6+ Ka3 60. Kb5 Kb3 61. Kxa5 Kc3 62. Kb5 Kd3 63. Nd7 Bb2 64. Kc5 Ke4 65. Kd6 Kf3 66. Ke6 Kg3 67. Nxf6 Kxh3 68. Ne4 Kxg4 69. f6 h3 70. f7 Bg7 71. Ke7 h2 72. f8Q Bxf8+ 73. Kxf8 Kf4 0-1

[Event "Moscow op-A 04th"]
[Site "Moscow"]
[Date "2008.02.05"]
[Round "4"]
[White "Ivanov, Victor L"]
[Black "Kalugin, Sergey V"]
[Result "1-0"]
[WhiteElo "2495"]
[BlackElo "2377"]
[PlyCount "47"]
[EventDate "2008.02.02"]
[EventType "swiss"]
[EventRounds "9"]
[EventCountry "RUS"]
[SourceTitle "CBM 122 Extra"]
[Source "ChessBase"]
[SourceDate "2008.03.04"]
[SourceVersion "1"]
[SourceVersionDate "2008.03.04"]
[SourceQuality "1"]

1. e4 d6 2. d4 Nf6 3. Nc3 e5 4. Nf3 Nbd7 5. g4 Nxg4 6. Rg1 exd4 7. Nxd4 Ngf6 8. Be3 Nc5 9. Qe2 Qe7 10. 0-0-0 c6 11. Bg2 Bd7 12. Bf4 g6 13. Bf3 0-0-0 14. Qe3 Re8 15. Nb3 Nfxe4 16. Nxe4 Nxe4 17. Qxa7 Qf6 18. Be3 c5 19. Bxe4 Rxe4 20. Bg5 Bh6 21. Bxh6 Ra4 22. Na5 Bc6 23. Bg5 Qe5 24. Nxc6 1-0

[Event "Moscow op-A 04th"]
[Site "Moscow"]
[Date "2008.02.03"]
[Round "2"]
[White "Ivanov, Victor L"]
[Black "Zvjaginsev, Vadim"]
[Result "1/2-1/2"]
[WhiteElo "2495"]
[BlackElo "2677"]
[PlyCount "43"]
[EventDate "2008.02.02"]
[EventType "swiss"]
[EventRounds "9"]
[EventCountry "RUS"]
[SourceTitle "CBM 122 Extra"]
[Source "ChessBase"]
[SourceDate "2008.03.04"]
[SourceVersion "1"]
[SourceVersionDate "2008.03.04"]
[SourceQuality "1"]

1. e4 e5 2. Nf3 Nc6 3. Bc4 Bc5 4. c3 Nf6 5. d3 Bb6 6. Nbd2 0-0 7. 0-0 d6 8. Bb3 Ne7 9. Re1 Ng6 10. Nf1 h6 11. Ng3 c6 12. h3 d5 13. exd5 Nxd5 14. d4 exd4 15. Nxd4 Bc7 16. Ndf5 Qf6 17. Bc2 Bxf5 18. Nxf5 Rfe8 19. Bd2 Bf4 20. Bxf4 Ngxf4 21. Qf3 h5 22. c4 1/2-1/2

[Event "Landesliga Nord 0607"]
[Site "Bayern"]
[Date "2007.03.18"]
[Round "7.1"]
[White "Ivanov, Victor L"]
[Black "Trenchev, Jolo"]
[Result "1-0"]
[WhiteElo "2455"]
[BlackElo "2170"]
[PlyCount "67"]
[EventDate "2006.10.15"]
[EventType "team"]
[EventRounds "9"]
[EventCountry "GER"]
[SourceTitle "EXT 2008"]
[Source "ChessBase"]
[SourceDate "2007.11.25"]
[SourceVersion "1"]
[SourceVersionDate "2007.11.25"]
[SourceQuality "1"]
[WhiteTeam "Koenigshofen"]
[BlackTeam "Regensburg Fortuna II"]
[WhiteTeamCountry "GER"]
[BlackTeamCountry "GER"]

1. e4 c5 2. c3 e6 3. d4 d5 4. exd5 exd5 5. Nf3 Nc6 6. Bb5 Bd6 7. dxc5 Bxc5 8. 0-0 Nge7 9. Nbd2 0-0 10. Nb3 Bd6 11. Bd3 Bf5 12. Re1 Qd7 13. Be3 Rfe8 14. Bc5 Bc7 15. Nbd4 Nxd4 16. Bxd4 Nc6 17. Bxf5 Qxf5 18. Qb3 Nxd4 19. Nxd4 Qh5 20. Nf3 Bb6 21. a4 Re4 22. a5 Bc5 23. Qxb7 Rae8 24. Qb5 Rxe1+ 25. Nxe1 Qe2 26. Qxe2 Rxe2 27. Nd3 Bd6 28. Rd1 Bc7 29. Kf1 Re4 30. Nc5 Rc4 31. Nb3 Kf8 32. Rxd5 Ke7 33. Ke2 Ra4 34. Nc5 1-0

[Event "Landesliga Nord 0607"]
[Site "Bayern"]
[Date "2007.02.25"]
[Round "6.1"]
[White "Lorenz, Mark"]
[Black "Ivanov, Victor L"]
[Result "0-1"]
[WhiteElo "2268"]
[BlackElo "2457"]
[PlyCount "58"]
[EventDate "2006.10.15"]
[EventType "team"]
[EventRounds "9"]
[EventCountry "GER"]
[SourceTitle "EXT 2008"]
[Source "ChessBase"]
[SourceDate "2007.11.25"]
[SourceVersion "1"]
[SourceVersionDate "2007.11.25"]
[SourceQuality "1"]
[WhiteTeam "Marktleuthen"]
[BlackTeam "Koenigshofen"]
[WhiteTeamCountry "GER"]
[BlackTeamCountry "GER"]

1. g3 e5 2. c4 Nf6 3. Bg2 h6 4. Nf3 e4 5. Nd4 Nc6 6. Nc2 d5 7. cxd5 Qxd5 8. Nc3 Qe5 9. b3 Bf5 10. Bb2 0-0-0 11. Ne3 Bg6 12. Rc1 Kb8 13. Na4 Qh5 14. 0-0 Nd4 15. Re1 Bb4 16. Rc4 c5 17. Bxd4 Rxd4 18. Rxd4 cxd4 19. Nc2 Qa5 20. Nxd4 Bxd2 21. Rf1 e3 22. f4 Rc8 23. Bh3 Rc1 24. Qxc1 Bxc1 25. Rxc1 a6 26. Rc8+ Ka7 27. Nc3 Ne4 28. b4 Qxb4 29. Rc7 Qxd4 0-1

[Event "Moscow op 03rd"]
[Site "Moscow"]
[Date "2007.02.04"]
[Round "9"]
[White "Ivanov, Victor L"]
[Black "Shkurikhin, Ilia"]
[Result "1/2-1/2"]
[WhiteElo "2502"]
[BlackElo "2350"]
[PlyCount "116"]
[EventDate "2007.01.27"]
[EventType "swiss"]
[EventRounds "9"]
[EventCountry "RUS"]
[SourceTitle "CBM 116 Extra"]
[Source "ChessBase"]
[SourceDate "2007.03.07"]
[SourceVersion "1"]
[SourceVersionDate "2007.03.07"]
[SourceQuality "1"]

1. e4 c5 2. c3 d5 3. exd5 Qxd5 4. d4 Nf6 5. Nf3 e6 6. Be2 Nc6 7. 0-0 Be7 8. c4 Qd7 9. dxc5 Bxc5 10. Nc3 0-0 11. a3 b6 12. b4 Qxd1 13. Rxd1 Be7 14. Bf4 Bb7 15. Nb5 Rfd8 16. Bc7 Rxd1+ 17. Rxd1 Ne8 18. Bf4 Rd8 19. Rxd8 Bxd8 20. Nd6 Bc7 21. Nxb7 Bxf4 22. c5 Kf8 23. g3 Bc1 24. Bb5 Ne7 25. Bxe8 Kxe8 26. Nd6+ Kf8 27. cxb6 axb6 28. a4 Nd5 29. a5 bxa5 30. bxa5 Ke7 31. Nc4 Nb4 32. Nfe5 Bh6 33. Nd3 Na6 34. f4 g5 35. Kf2 gxf4 36. gxf4 Bg7 37. Nce5 f6 38. Nc6+ Kd6 39. Ncb4 Nxb4 40. Nxb4 Kc5 41. Na6+ Kc6 42. Nb8+ Kc7 43. Na6+ Kc6 44. Nb4+ Kb5 45. a6 Bf8 46. Kf3 Bc5 47. Nd3 Bg1 48. f5 exf5 49. h4 Kxa6 50. Kf4 Kb5 51. Kxf5 Bd4 52. Nf4 Kc6 53. Ne6 Bc3 54. h5 Kd6 55. Nf8 Ke7 56. Nxh7 Kf7 57. h6 Bd2 58. Nxf6 Bxh6 1/2-1/2

[Event "Moscow op 03rd"]
[Site "Moscow"]
[Date "2007.01.31"]
[Round "5"]
[White "Ivanov, Victor L"]
[Black "Aleksandrov, Aleksej"]
[Result "1/2-1/2"]
[WhiteElo "2502"]
[BlackElo "2601"]
[PlyCount "42"]
[EventDate "2007.01.27"]
[EventType "swiss"]
[EventRounds "9"]
[EventCountry "RUS"]
[SourceTitle "CBM 116 Extra"]
[Source "ChessBase"]
[SourceDate "2007.03.07"]
[SourceVersion "1"]
[SourceVersionDate "2007.03.07"]
[SourceQuality "1"]

1. e4 e5 2. Nf3 Nc6 3. Bc4 Bc5 4. c3 Nf6 5. d3 a6 6. Nbd2 0-0 7. 0-0 d5 8. exd5 Nxd5 9. Re1 Nf6 10. Ne4 Nxe4 11. dxe4 Qxd1 12. Rxd1 Re8 13. b4 Bb6 14. Kf1 Bg4 15. Ke2 Rad8 16. Bg5 Rxd1 17. Rxd1 Kf8 18. h3 Be6 19. Nd2 f6 20. Be3 Bxe3 21. Kxe3 Bxc4 1/2-1/2

[Event "Moscow op 03rd"]
[Site "Moscow"]
[Date "2007.01.27"]
[Round "1"]
[White "Ivanov, Victor L"]
[Black "Kopylov, Alexander"]
[Result "1-0"]
[WhiteElo "2502"]
[BlackElo "2237"]
[PlyCount "133"]
[EventDate "2007.01.27"]
[EventType "swiss"]
[EventRounds "9"]
[EventCountry "RUS"]
[SourceTitle "CBM 116 Extra"]
[Source "ChessBase"]
[SourceDate "2007.03.07"]
[SourceVersion "1"]
[SourceVersionDate "2007.03.07"]
[SourceQuality "1"]

1. e4 d6 2. d4 g6 3. Nf3 Nf6 4. Bd3 Bg7 5. 0-0 0-0 6. c3 Nbd7 7. Re1 e5 8. Bg5 h6 9. Bh4 c6 10. Nbd2 Qc7 11. a4 b6 12. Nc4 Bb7 13. Bf1 Rad8 14. dxe5 dxe5 15. Qd6 Qxd6 16. Nxd6 Ba8 17. Bc4 g5 18. Bg3 Nh5 19. Rad1 Nf4 20. b4 Bf6 21. Rd2 b5 22. axb5 cxb5 23. Bxb5 Nb6 24. c4 Nc8 25. Nf5 Rxd2 26. Nxd2 Rd8 27. Nxh6+ Kh7 28. Ng4 Be7 29. Nf3 Nd3 30. Re3 f6 31. h4 gxh4 32. Bxh4 Kg7 33. Ba6 Nxb4 34. Bxc8 Rxc8 35. Nfxe5 Rc7 36. Nxf6 Bxf6 37. Rg3+ Kf8 38. Bxf6 Bxe4 39. Re3 Bc2 40. Bd8 Rc8 41. Ba5 Nc6 42. Nxc6 Rxc6 43. Bb4+ Kf7 44. Re7+ Kg6 45. Rxa7 Rxc4 46. Bd2 Bf5 47. Ra6+ Kh7 48. f3 Rc2 49. Rd6 Kg7 50. g4 Bc8 51. Kf2 Kf7 52. Kg3 Ke7 53. Bb4 Rb2 54. Rd4+ Kf7 55. f4 Rb1 56. f5 Rf1 57. Rd5 Kf6 58. Bc3+ Ke7 59. Kh4 Bb7 60. Re5+ Kd6 61. Re6+ Kd5 62. Re7 Bc8 63. Kg5 Rf3 64. Rc7 Ba6 65. Bb4 Be2 66. f6 Kd4 67. f7 1-0

[Event "Moscow Aeroflot op-B"]
[Site "Moscow"]
[Date "2006.02.15"]
[Round "9"]
[White "Ivanov, Victor L"]
[Black "Novikov, Stanislav"]
[Result "0-1"]
[WhiteElo "2509"]
[BlackElo "2545"]
[PlyCount "160"]
[EventDate "2006.02.07"]
[EventType "swiss"]
[EventRounds "9"]
[EventCountry "RUS"]
[SourceTitle "EXT 2007"]
[Source "ChessBase"]
[SourceDate "2006.11.23"]
[SourceVersion "1"]
[SourceVersionDate "2006.11.23"]
[SourceQuality "1"]

1. e4 d6 2. d4 Nf6 3. Nc3 g6 4. Nf3 Bg7 5. Be2 0-0 6. 0-0 c6 7. a4 Qc7 8. Bf4 Bg4 9. Nd2 Bxe2 10. Qxe2 Nbd7 11. Nc4 Rfe8 12. Rad1 Nb6 13. Rfe1 Nfd7 14. Bg3 Nxc4 15. Qxc4 e5 16. dxe5 Nxe5 17. Qb3 Rad8 18. h3 a6 19. Qb4 b5 20. axb5 axb5 21. b3 Bf8 22. Qd4 Bg7 23. Qd2 Qa5 24. Ne2 Qb6 25. Nf4 Qc5 26. Kh1 Ra8 27. Nd3 Nxd3 28. Qxd3 Be5 29. f4 Bg7 30. Re2 Ra1 31. Rxa1 Bxa1 32. c4 Qd4 33. Qxd4 Bxd4 34. cxb5 cxb5 35. Kh2 d5 36. e5 Bc3 37. Be1 b4 38. Kg3 d4 39. Kf2 Ra8 40. Rc2 Ra3 41. Ke2 d3+ 42. Kxd3 Bxe1 43. Kc4 Ra7 44. Re2 Bc3 45. g4 Rd7 46. f5 Rd4+ 47. Kc5 gxf5 48. gxf5 Rf4 49. f6 h6 50. Rg2+ Kf8 51. Ra2 Kg8 52. Rg2+ Kh8 53. Kd6 Rf5 54. Re2 Kh7 55. Re4 Kg6 56. Rg4+ Rg5 57. Re4 h5 58. Re3 Rf5 59. Re2 Kg5 60. Re4 Rf4 61. Re2 Kf5 62. Re3 h4 63. Re2 Rf3 64. e6 fxe6 65. f7 Kg6 66. Kxe6 Rf6+ 67. Kd5 Rxf7 68. Re4 Kg5 69. Rg4+ Kh5 70. Ke4 Rg7 71. Rxg7 Bxg7 72. Kf5 Bc3 73. Kf4 Kg6 74. Kg4 Be1 75. Kf4 Kf6 76. Ke4 Kg5 77. Ke3 Kf5 78. Kf3 Ke5 79. Ke3 Bg3 80. Kd3 Kf4 0-1

[Event "Moscow Aeroflot op-B"]
[Site "Moscow"]
[Date "2006.02.14"]
[Round "8"]
[White "Ivanov, Sergey"]
[Black "Ivanov, Victor L"]
[Result "0-1"]
[WhiteElo "2534"]
[BlackElo "2509"]
[PlyCount "80"]
[EventDate "2006.02.07"]
[EventType "swiss"]
[EventRounds "9"]
[EventCountry "RUS"]
[SourceTitle "EXT 2007"]
[Source "ChessBase"]
[SourceDate "2006.11.23"]
[SourceVersion "1"]
[SourceVersionDate "2006.11.23"]
[SourceQuality "1"]

1. d4 d5 2. Nf3 Nf6 3. c4 c6 4. Nc3 dxc4 5. a4 Bf5 6. Ne5 Nbd7 7. Nxc4 Qc7 8. Bg5 e5 9. e3 Be7 10. Bd3 Be6 11. 0-0 0-0 12. a5 b5 13. Nxe5 Nxe5 14. dxe5 Qxe5 15. Bf4 Qc5 16. a6 Rad8 17. Qe2 Bd6 18. Bxd6 Rxd6 19. Rfc1 Qb4 20. e4 Ng4 21. Rd1 Rfd8 22. Rac1 Ne5 23. Bb1 Nc4 24. Rxd6 Rxd6 25. Rd1 g6 26. Rxd6 Qxd6 27. Ba2 Qd4 28. Bb1 Nxb2 29. Qxb2 b4 30. h3 bxc3 31. Qb8+ Kg7 32. Bc2 Bc4 33. Qb4 c5 34. Qb7 Qd2 35. Ba4 Qe1+ 36. Kh2 Qxf2 37. e5 Qf4+ 38. Kh1 c2 39. Bxc2 Qc1+ 40. Kh2 Qxc2 0-1

[Event "Moscow Aeroflot op-B"]
[Site "Moscow"]
[Date "2006.02.13"]
[Round "7"]
[White "Ivanov, Victor L"]
[Black "Vorobiov, Evgeny E"]
[Result "1/2-1/2"]
[WhiteElo "2509"]
[BlackElo "2540"]
[PlyCount "145"]
[EventDate "2006.02.07"]
[EventType "swiss"]
[EventRounds "9"]
[EventCountry "RUS"]
[SourceTitle "EXT 2007"]
[Source "ChessBase"]
[SourceDate "2006.11.23"]
[SourceVersion "1"]
[SourceVersionDate "2006.11.23"]
[SourceQuality "1"]

1. e4 c5 2. c3 d5 3. exd5 Qxd5 4. d4 Nf6 5. Nf3 e6 6. Be2 Be7 7. 0-0 cxd4 8. cxd4 0-0 9. Nc3 Qd6 10. Ne5 Rd8 11. Be3 Bd7 12. Bf4 Be8 13. Nxf7 Qxf4 14. Nxd8 Bxd8 15. Bc4 Bf7 16. g3 Qd6 17. Qb3 Nc6 18. Qxb7 Rb8 19. Nb5 Qxg3+ 20. hxg3 Rxb7 21. Rfe1 Rd7 22. Bxe6 Bxe6 23. Rxe6 Nxd4 24. Nxd4 Rxd4 25. Ree1 Bb6 26. Rad1 Rb4 27. Re2 Ne4 28. Rd7 Bxf2+ 29. Kg2 Bb6 30. a3 Nf6 31. Rxg7+ Kxg7 32. axb4 Kg6 33. Kf3 Kf5 34. Re7 h5 35. b5 Nd5 36. Re4 Nc7 37. Rf4+ Kg5 38. Re4 Kf5 39. Rf4+ Kg6 40. Rb4 Ne6 41. Rc4 Kf5 42. Rc8 Bd4 43. b4 Be5 44. Rc1 Nd4+ 45. Ke3 Nxb5 46. Rc5 Nd6 47. Kf3 Ke6 48. Ra5 Nc8 49. Ra2 Bd6 50. b5 Be5 51. Ra6+ Kd5 52. Ra5 Kd4 53. Ra6 Kd5 54. Ra5 Ke6 55. Ra6+ Kf5 56. Ra5 Kf6 57. Ra6+ Kg5 58. Ra5 Kf5 59. Ra4 Bb8 60. Rh4 Kg5 61. Re4 Nd6 62. Re7 Kf6 63. Rh7 Nxb5 64. Rb7 Nd4+ 65. Ke4 Nc6 66. Kd5 Ne7+ 67. Ke4 Bxg3 68. Rxa7 Nf5 69. Rf7+ Kxf7 70. Kxf5 Be1 71. Kg5 h4 72. Kg4 Ke6 73. Kh3 1/2-1/2

[Event "Moscow Aeroflot op-B"]
[Site "Moscow"]
[Date "2006.02.10"]
[Round "4"]
[White "Ivanov, Victor L"]
[Black "Burmakin, Vladimir"]
[Result "1/2-1/2"]
[WhiteElo "2509"]
[BlackElo "2541"]
[PlyCount "61"]
[EventDate "2006.02.07"]
[EventType "swiss"]
[EventRounds "9"]
[EventCountry "RUS"]
[SourceTitle "EXT 2007"]
[Source "ChessBase"]
[SourceDate "2006.11.23"]
[SourceVersion "1"]
[SourceVersionDate "2006.11.23"]
[SourceQuality "1"]

1. e4 c6 2. c4 d5 3. cxd5 cxd5 4. exd5 Nf6 5. Nc3 g6 6. Bc4 Bg7 7. Nf3 0-0 8. 0-0 Na6 9. d4 Nc7 10. Re1 Nfxd5 11. Bg5 Nxc3 12. bxc3 Be6 13. Bb3 Re8 14. Rb1 Rc8 15. c4 Bf5 16. Rc1 Ne6 17. Be3 b6 18. c5 bxc5 19. d5 Nd4 20. Nxd4 cxd4 21. Rxc8 Bxc8 22. Bxd4 Bxd4 23. Qxd4 Qa5 24. Re5 Bd7 25. h4 Qb6 26. Qf4 Qd6 27. Qe3 a5 28. h5 a4 29. Bc4 Rc8 30. Bf1 Kf8 31. Qh6+ 1/2-1/2